000 01835nam a2200325 c 4500
001 44099
003 ES-MaCES
005 20210721182335.0
007 cr |||||||||||
008 110622s2011 sp |||||||||||00||0 spa|d
035 _a0008600000265
040 _aES-MaCES
_bspa
_cES-MaCES
245 0 0 _aDictamen 7/2011, sobre el Anteproyecto de Ley de contrato de seguro
300 _a15 p. (105 kb)
500 _aSe presentaron tres Enmiendas por la Consejera Ana Esperanza Beltrán del Grupo 2º. La 1ª Enmienda de adición de un nuevo párrafo segundo en la propuesta de Dictamen sobre el art. 4, quedó rechazada, con la presencia de Consejeros, 12 votos sí, 31 votos no y 0 abst. La 2ª Enmienda de supresión de la observación formulada cccon relación al art. 61 "definición del seguro de responsabilidad civil", quedó rechazada, con la presencia de 44 Consejeros, 12 votos sí, 31 votos no y 0 abst. La 3ª Enmienda de adición de dos párrafos en la observación formulada en cuanto al art., quedó rechazada, con la presencia de 44 Consejeros, 12 votos sí, 31 votos no y 0 abst.
593 _cPolíticas Sectoriales y Medio Ambiente
_iD-007-2011
_f20110530
_rOrdinaria
_sPleno extraordinario
_vPresentes 44: 40 sí, 2 no, 1 absts.
650 4 _aEspaña
_926964
650 4 _acontrato
_929505
650 4 _aseguros
_928121
653 1 0 _aFinanciación
650 4 _930761
_asector financiero
700 1 _aAriza Rico, Julián
_einterviniente
_96544
700 1 _aBeltrán Blázquez, Ana Esperanza
_einterviniente
_97461
700 1 _919032
_aMorán Criado, José Manuel
_eponente
710 1 _aEspaña
_bMinisterio de Justicia
_esolicitante
_93251
856 _uhttp://www.ces.es/documents/DIC/2011/07
_ytexto completo
902 _aDictamen
942 _2CES
_cDI
_h0.0.
999 _c44099
_d44099